000 00624nam a2200193Ia 4500
005 20250507130221.0
008 008 250505s9999 xx 000 0 eng d
037 _aSeries Article
040 _aEASL
_beng
_cEASL
041 _aeng
_2eng
084 _qEASL
100 _aNumark Mitch
_9668902
245 0 _aHerbrew school in nineteenth-century Bomay:protestant missionaries,cochin jews,and the hebaization of india's bene israel community
260 _aUK
_bCambridge Cambridge University Press UK
_c2012
300 _a1764-1807
650 _aAsian Studies
942 _cSRA
999 _c1318379
_d1318379